| 000 | 00992nam a22002775i 4500 | ||
|---|---|---|---|
| 999 |
_c27744 _d27715 |
||
| 003 | EG-ScBUE | ||
| 005 | 20191106131551.0 | ||
| 008 | 191106s2018 ii f b 000 0 eng d | ||
| 020 | _a9789382252986 | ||
| 040 |
_aEG-ScBUE _beng _erda _cEG-ScBUE _dEG-ScBUE |
||
| 082 | 0 | 4 |
_a820.9928709034 _bJIN _222 |
| 100 | 1 |
_aJindal, Madhu, _eauthor. |
|
| 245 | 1 | 0 |
_aFeminism and literature / _cby Dr. Madhu Jindal. |
| 264 | 1 |
_aNew Delhi : _bPacific Books International, _c2018. |
|
| 300 |
_a240 pages ; _c22 cm |
||
| 336 |
_atext _btxt _2rdacontent |
||
| 337 |
_aunmediated _bn _2rdamedia |
||
| 338 |
_avolume _bnc _2rdacarrier |
||
| 504 | _aIncludes bibliographical references. | ||
| 650 | 7 |
_aEnglish literature _xWomen authors _xHistory and criticism. _2BUEsh |
|
| 650 | 7 |
_aAmerican literature _xWomen authors _xHistory and criticism. _2BUEsh |
|
| 650 | 7 |
_aEnglish literature _y19th century _xHistory and criticism. _2BUEsh |
|
| 653 |
_bHHUUEENN _cNovember2019 |
||
| 655 | _vReading book | ||
| 942 |
_2ddc _cBB |
||